| 000 | 00742cam a2200241 a 4500 | ||
|---|---|---|---|
| 008 | |||
| 020 | _a0071391428 (hbk.) | ||
| 049 | _aMAIN | ||
| 090 |
_aRC46 _bHAR |
||
| 245 | 0 | 0 |
_aHarrison's principles of internal medicine _nvol. II / _c[edited] by Antony S. Fauci... [et al.] |
| 250 | _a16th ed. | ||
| 260 |
_aNew York : _bMcGraw-Hill Medical, _cc2005. |
||
| 300 |
_axxix, [various] p. : _bcol.ill. ; _c28 cm. |
||
| 500 | _aIncludes index. | ||
| 504 | _aIncludes bibliographical references. | ||
| 650 | 0 | _aInternal medicine. | |
| 700 | 1 | _aFauci, Anthony S. | |
| 907 |
_a.b10348244 _b17-10-14 _c17-10-14 |
||
| 003 | |||
| 005 | 20230120204140.0 | ||
| 040 | _cNUST | ||
| 942 |
_cBOOKS _kRC46 _mHAR |
||
| 999 |
_c118003 _d118003 |
||